Pride and Prejudice by Quote Quiz Stats

 Plays Quiz Updated Apr 27, 2018

Challenge
Share
Tweet
Embed
Score 0/15 Timer 06:00
12 Plays Today
Quote Character % Correct
'Yes, vanity is a weakness indeed. But pride - where there is a real superiority of mind, pride will always be under good regulation.'Mr. Darcy
84.1%
'Nobody can tell what I suffer! - But it is always so. Those who do not complain are never pitied.'Mrs. Bennet
70%
'Stupid men are the only ones worth knowing, after all'Elizabeth Bennet
68.5%
'Happiness in marriage is entirely a matter of chance.'Charlotte
68.4%
'May I ask whether these pleasing attentions rise from the impulse of the moment, or are they the result of previous study?'Mr. Bennet
68%
'I am afraid, Mr. Darcy... that this adventure has rather affected your admiration of her fine eyes.'Caroline Bingley
67.9%
'How nicely we are all crammed in... I am glad I bought my bonnet, if it is only for the fun of having another bandbox!'Lydia Bennet
66.1%
'I do not cough for my own amusement.'Catherine Bennet
60.5%
Quote Character % Correct
'...I shall chuse to attribute it to the wish of increasing my love by suspense, according to the usual practice of elegant females.'Mr. Collins
58.2%
'Obstinate, headstrong girl! I am ashamed of you!'Lady Catherine de Bourgh
57.8%
'When I am in the country... I never wish to leave it; and when I am in town it is pretty much the same.'Mr. Bingley
56.6%
'...I have no idea of there being so much design in the world as some persons imagine.'Jane Bennet
44.2%
'A person may be proud without being vain. Pride relates more to our opinion of ourselves, vanity to what we would have others think of us.'Mary Bennet
40.8%
'Is it in address that he improves? Has he deigned to add aught of civility to his ordinary style? - for I dare not hope... that he is improved in essentials.'Mr. Wickham
39.6%
'I can answer your question... without applying to him. It is because he will not give himself the trouble.''Colonel Fitzwilliam
17.6%

You're not logged in!

Compare scores with friends on all Sporcle quizzes.
OR
Log In

You Might Also Like...

Show Comments

Extras

Top Quizzes Today


Score Distribution

Your Account Isn't Verified!

In order to create a playlist on Sporcle, you need to verify the email address you used during registration. Go to your Sporcle Settings to finish the process.

Report this User

Report this user for behavior that violates our Community Guidelines.

Details: